|
|
|
|
| LEADER |
00000ny a22000003n 4500 |
| 005 |
20110511101047.0 |
| 008 |
790911c19uu9999caumr p 0 a0eng d |
| 010 |
|
|
|a sn 79009459
|z 68002940
|
| 022 |
0 |
|
|a 0037-4148
|
| 035 |
|
|
|a 2827
|
| 040 |
|
|
|a NSDP
|c NSDP
|d vLex
|
| 090 |
|
|
|c 1603
|d 1603
|
| 245 |
3 |
4 |
|a The Shooting industry
|h [Recurso electrn̤ico]
|
| 256 |
|
|
|a Servicio en ln̕ea
|
| 260 |
|
|
|a San Diego, Calif. [etc.]
|b Publisher's Development Corp.
|
| 310 |
|
|
|a Mensual
|
| 506 |
1 |
|
|a Contenido solo disponible en los productos indicados
|d vLex Global
|d vLex Global (Academic Edition, excluding Law Schools)
|d vLex Global (Academic Edition, Law Schools)
|
| 650 |
0 |
4 |
|a Armas de fuego
|x Industria y comercio
|z Estados Unidos
|x Publicaciones perid̤icas
|
| 740 |
|
|
|a vLex Revista (Servicios en ln̕ea)
|
| 843 |
|
|
|a Electrn̤ica. Abierta
|
| 853 |
|
|
|8 1
|i (year)
|j (month)
|k (day)
|
| 856 |
4 |
0 |
|z Acceso restringido
|u http://vlex.com/account/login_ip?fuente_id=2827
|
| 942 |
|
|
|c REV
|
| 999 |
|
0 |
|a Firearms industry and trade
|z United States
|v Periodicals.
|